Music Quiz

Random Music or Song Quiz

Find the Missing Flora in Songs Quiz Stats

 Plays Quiz Updated Jul 14, 2018

Challenge
Share
Tweet
Score 0/15 Timer 04:00
2 Plays Today
% Correct
Bed of ROSES
92.1%
Green Green GRASS of Home
91.2%
Pushing Up DAISIES
90.4%
Build Me Up BUTTERCUP
86.1%
Tie a Yellow Ribbon
Round the Ole OAK Tree
85.6%
COTTON Eye Joe
84.8%
TULIPS From Amsterdam
77.9%
No Leaf CLOVER
60.6%
% Correct
IRIS
52.1%
LOTUS Flower Bomb
46.8%
MISTLETOE and Wine
42.5%
Sugar MAGNOLIA
42.1%
Pictures of LILY
40.7%
Kiko and the LAVENDER Moon
37.2%
Blue ORCHID
31.1%

You're not logged in!

Compare scores with friends on all Sporcle quizzes.
OR
Log In

You Might Also Like...

Show Comments

Extras

Top Quizzes Today


Score Distribution

Your Account Isn't Verified!

In order to create a playlist on Sporcle, you need to verify the email address you used during registration. Go to your Sporcle Settings to finish the process.

Report this User

Report this user for behavior that violates our Community Guidelines.

Details: